Marketing a reklama ve sportu
Presadenie sa na trhu so športovou reklamou. Firmy obchodujúce s bicyklami: Universe Agency, Joko, Olpran - reklama a sponzoring. Design športových potrieb. Reklama na billboardoch. Športové tituly.
Salvato in:
| Natura: | Capitolo di libro |
|---|---|
| Lingua: | ceco |
| Soggetti: | |
| Tags: |
Nessun Tag, puoi essere il primo ad aggiungerne!!
|
MARC
| LEADER | 00000naa a2200000 4500 | ||
|---|---|---|---|
| 001 | r021690 | ||
| 005 | 20230911123242.2 | ||
| 041 | 0 | |a cze | |
| 044 | |a CZ | ||
| 245 | 1 | 0 | |a Marketing a reklama ve sportu |
| 520 | |a Presadenie sa na trhu so športovou reklamou. Firmy obchodujúce s bicyklami: Universe Agency, Joko, Olpran - reklama a sponzoring. Design športových potrieb. Reklama na billboardoch. Športové tituly. | ||
| 610 | 2 | 0 | |a marketing |
| 610 | 2 | 0 | |a reklama |
| 610 | 2 | 0 | |a telovýchova |
| 610 | 2 | 0 | |a firmy |
| 610 | 2 | 0 | |a Universe Agency |
| 610 | 2 | 0 | |a Joko |
| 610 | 2 | 0 | |a Olpran |
| 610 | 2 | 0 | |a sponzorovanie |
| 610 | 2 | 0 | |a dizajn |
| 610 | 2 | 0 | |a bicykle |